000 00746nam a2200217Ia 4500
001 9614
003 GE_BSU
008 181216s||||||||xx |||||||||||||| ||und||
040 _cGE_BSU
080 _a82-93:821.353.1-32
100 _aმგელაძე,ნარგიზა
245 _aშორია ბერლინამდე
245 _bსასკოლო ასაკის ბავშთათვის
245 _cრედ.ნ.ნარმანია მხატვ. რ. ცუცქირიძე
260 _aთბილისი
260 _bგანათლება
260 _c1975
300 _a100გვ.20სმ.ილ.
653 _aშორია ბერლინამდე
942 _cBK
999 _c42899
_d42899